[Event "EU-chT U12"]
[Site "Thessaloniki"]
[Date "2022.07.17"]
[Round "6.3"]
[White "Sternfeld, Tomer"]
[Black "Bubelo, Mykola"]
[Result "1/2-1/2"]
[WhiteElo "1615"]
[BlackElo "1535"]
[PlyCount "86"]
[EventDate "2022.07.12"]
[EventType "team-swiss"]
[EventRounds "7"]
[EventCountry "GRE"]
[SourceTitle "EXT 2023"]
[Source "ChessBase"]
[SourceDate "2022.10.05"]
[SourceVersion "1"]
[SourceVersionDate "2022.10.05"]
[SourceQuality "1"]
[WhiteTeam "Rishon Le Zion U12"]
[BlackTeam "Ukraine U12"]
[WhiteTeamCountry "ISR"]
[BlackTeamCountry "UKR"]

1. c4 e6 2. g3 Nf6 3. Bg2 d5 4. Nf3 d4 5. e3 Nc6 6. exd4 Nxd4 7. Nc3 c5 8. Ne2 Be7 9. b3 Bd6 10. Nexd4 cxd4 11. Nxd4 Be5 12. Nc2 Bxa1 13. Nxa1 0-0 14. d4 a5 15. Nc2 Re8 16. 0-0 Qb6 17. Be3 Qa6 18. Bg5 Nd7 19. Re1 Nf8 20. Qf3 h6 21. Be3 Ng6 22. Na3 Rb8 23. Nb5 Bd7 24. Nc7 Qd6 25. Nxe8 Bxe8 26. Qe2 Bc6 27. Rd1 Bxg2 28. Kxg2 b5 29. c5 Qd5+ 30. Qf3 Ne7 31. Bf4 Rc8 32. Qxd5 Nxd5 33. a3 Kf8 34. Bd2 Ke8 35. Bxa5 Ra8 36. Bb4 Kd7 37. c6+ Kxc6 38. Rc1+ Kb6 39. Bc5+ Kb7 40. Kf3 g6 41. Ke4 Kc6 42. g4 Kd7 43. Rg1 h5 1/2-1/2

[Event "ISR-ch U08/18"]
[Site "Savyon"]
[Date "2022.04.14"]
[Round "9"]
[White "Sternfeld, Tomer"]
[Black "Azoulay, Yehonatan"]
[Result "0-1"]
[WhiteElo "1533"]
[BlackElo "1730"]
[PlyCount "82"]
[EventDate "2022.04.06"]
[EventType "swiss"]
[EventRounds "9"]
[EventCountry "ISR"]
[SourceTitle "EXT 2023"]
[Source "ChessBase"]
[SourceDate "2022.10.05"]
[SourceVersion "1"]
[SourceVersionDate "2022.10.05"]
[SourceQuality "1"]

1. c4 Nf6 2. g3 g6 3. Bg2 d5 4. d4 Bg7 5. Nc3 c6 6. Nf3 0-0 7. 0-0 Ne4 8. cxd5 cxd5 9. Qb3 e6 10. Bf4 Nc6 11. Rfd1 f5 12. Nb5 g5 13. Be5 a6 14. Nc3 b5 15. Bxg7 Kxg7 16. Ne1 Qf6 17. e3 h5 18. Ne2 Rh8 19. f3 Nd6 20. Nd3 a5 21. Rac1 a4 22. Qc3 Bb7 23. Nc5 b4 24. Qd3 Na5 25. Nxb7 Naxb7 26. Rc7+ Kh6 27. Rdc1 Na5 28. e4 Qd8 29. exf5 Nac4 30. Rc5 Nxf5 31. g4 hxg4 32. fxg4 Nh4 33. b3 axb3 34. axb3 Ra3 35. Ng3 Rf8 36. Nf1 Qf6 37. Rc2 Nxg2 38. Kxg2 Qxf1+ 39. Qxf1 Ne3+ 40. Kh3 Rxf1 41. Re2 Rf3# 0-1